[Event "Fredericia Chess 2023 Kandidat"]
[Site "Fredericia"]
[Date "2023.05.19"]
[Round "1.1"]
[White "Hansen, Lars"]
[Black "Guindy, Esmat Susanne"]
[Result "1-0"]
[WhiteElo "2181"]
[BlackElo "2053"]
[PlyCount "103"]
[EventDate "2023.05.19"]
[EventType "swiss"]
[EventRounds "5"]
[EventCountry "DEN"]
[SourceTitle "Fredericia Skakforening"]

1. e4 e6 2. d4 d5 3. exd5 exd5 4. Nf3 Nf6 5. Bd3 Bd6 6. O-O O-O 7. Bg5 Nbd7 8.
Nc3 c6 9. Re1 Qc7 10. Qd2 Nh5 11. Be7 Bxe7 12. Rxe7 Qd6 13. Rae1 Ndf6 14. Qg5
Nf4 15. Qe5 Qxe5 16. dxe5 N6h5 17. g3 Nxd3 18. cxd3 g6 19. Nd4 Ng7 20. Na4 Rd8
21. Nc5 Kf8 22. Rc7 Ne8 23. Nxb7 Nxc7 24. Nxd8 c5 25. Nb3 Ba6 26. e6 Nxe6 27.
Nxe6+ fxe6 28. Nxc5 Bc8 29. Nxe6+ Bxe6 30. Rxe6 Rb8 31. b3 a5 32. Ra6 Rb5 33.
d4 Rb4 34. Rxa5 Rxd4 35. Kg2 g5 36. Kf3 h5 37. Ke3 Rd1 38. b4 Ke7 39. Ke2 Rd4
40. a3 Ke6 41. Ra6+ Ke5 42. b5 Rc4 43. Rc6 Ra4 44. Rc3 Kd4 45. Kd2 Ra5 46. Rb3
Kc4 47. Kc2 d4 48. b6 Ra8 49. b7 Rb8 50. Rb4+ Kc5 51. Kd3 g4 52. Rb2 1-0

[Event "Fredericia Chess 2023 Kandidat"]
[Site "Fredericia"]
[Date "2023.05.19"]
[Round "1.2"]
[White "Galvan Cipriani, Viviana"]
[Black "Zander, Emil"]
[Result "0-1"]
[WhiteElo "2049"]
[BlackElo "2165"]
[PlyCount "132"]
[EventDate "2023.05.19"]
[EventType "swiss"]
[EventRounds "5"]
[EventCountry "DEN"]
[SourceTitle "Fredericia Skakforening"]

1. c4 e5 2. g3 Nf6 3. Bg2 c6 4. d4 exd4 5. Qxd4 d5 6. Nc3 Be6 7. cxd5 cxd5 8.
Be3 Nc6 9. Qa4 Bb4 10. Nf3 O-O 11. Nd4 Ne4 12. Bxe4 Bxc3+ 13. bxc3 Nxd4 14.
Bxh7+ Kxh7 15. Bxd4 Bh3 16. Qc2+ Kg8 17. f3 Qe7 18. Rg1 Bd7 19. Rb1 b6 20. e3
Rae8 21. g4 Qd6 22. Rb2 Re7 23. g5 Rfe8 24. Qf2 Qf4 25. Kd2 Qf5 26. h4 Qg6 27.
f4 Qh5 28. Qg2 Re4 29. Rbb1 Bf5 30. Rbf1 Qg6 31. Qh2 Qc6 32. Qe2 Qa4 33. Ke1
Bd7 34. Rf3 Rxd4 35. cxd4 Rc8 36. Qd1 Qxa2 37. Rf2 Qa3 38. Ke2 Ba4 39. Qa1 Bb5+
40. Kf3 Qe7 41. Qb1 Rc3 42. Re1 Bd3 43. Qb2 Be4+ 44. Kg3 Qc7 45. h5 Qc4 46. Rd2
Rb3 47. Qa1 Qb4 48. Rde2 Ra3 49. Qb2 Rb3 50. Qc1 Rc3 51. Qd2 Qc4 52. Qa2 Rxe3+
53. Kf2 Rf3+ 54. Kg1 Qxd4+ 55. Kh2 Qd3 56. Rxe4 dxe4 57. Qg2 Rxf4 58. Qg3 Qd2+
59. Kg1 Rf5 60. Qb8+ Kh7 61. g6+ fxg6 62. hxg6+ Kxg6 63. Qe8+ Kh7 64. Qxe4 Qg5+
65. Kh1 Qh6+ 66. Kg2 Qg6+ 0-1

[Event "Fredericia Chess 2023 Kandidat"]
[Site "Fredericia"]
[Date "2023.05.19"]
[Round "1.3"]
[White "Koch Mueller, Oscar"]
[Black "Perets, Dmitry"]
[Result "1-0"]
[WhiteElo "2098"]
[BlackElo "2041"]
[PlyCount "79"]
[EventDate "2023.05.19"]
[EventType "swiss"]
[EventRounds "5"]
[EventCountry "DEN"]
[SourceTitle "Fredericia Skakforening"]

1. d4 Nf6 2. c4 c5 3. d5 b5 4. cxb5 a6 5. bxa6 g6 6. Nc3 Bxa6 7. e4 Bxf1 8.
Kxf1 d6 9. Nf3 Bg7 10. g3 O-O 11. Kg2 Qa5 12. a4 Nbd7 13. Re1 Qb4 14. Qc2 Rfb8
15. Ra3 Ng4 16. Na2 Qa5 17. b3 Nge5 18. Bd2 Qa6 19. Nxe5 Nxe5 20. Bc3 Qd3 21.
Qxd3 Nxd3 22. Re3 Nb4 23. Bxg7 Kxg7 24. Rc3 f5 25. f3 Kf6 26. Nc1 Ke5 27. Rc4
fxe4 28. fxe4 Rf8 29. Ra1 Rf7 30. Rb1 Raf8 31. Rb2 Rf1 32. Rd2 R1f3 33. h4 Re3
34. Re2 Rff3 35. Rxe3 Rxe3 36. a5 Rxe4 37. Nd3+ Nxd3 38. Rxe4+ Kxd5 39. Rxe7
Nb4 40. Rxh7 1-0

[Event "Fredericia Chess 2023 Kandidat"]
[Site "Fredericia"]
[Date "2023.05.19"]
[Round "1.4"]
[White "Madsen, Michael Baehring"]
[Black "Topholm, Morten"]
[Result "1/2-1/2"]
[WhiteElo "2040"]
[BlackElo "2073"]
[PlyCount "71"]
[EventDate "2023.05.19"]
[EventType "swiss"]
[EventRounds "5"]
[EventCountry "DEN"]
[SourceTitle "Fredericia Skakforening"]

1. d4 Nf6 2. c4 g6 3. Nc3 Bg7 4. e4 d6 5. Nf3 O-O 6. Be2 e5 7. Be3 exd4 8. Nxd4
Re8 9. f3 c6 10. Bf2 d5 11. exd5 cxd5 12. O-O Nc6 13. Nxc6 bxc6 14. Re1 Rb8 15.
Na4 Nh5 16. Bf1 Rxe1 17. Qxe1 Be6 18. Nc5 Qe7 19. Rb1 Rxb2 20. Rxb2 Bxb2 21.
Nxe6 fxe6 22. cxd5 cxd5 23. Qa5 d4 24. Bc4 Ng7 25. Qe5 Bc3 26. Bxd4 Bxd4+ 27.
Qxd4 Qc7 28. Qe4 Kf7 29. g4 Qb6+ 30. Kg2 Ne8 31. Bb3 Nf6 32. Qf4 Kg7 33. Qe5
Kf7 34. Qf4 Kg7 35. Qe5 Kf7 36. Qf4 1/2-1/2

[Event "Fredericia Chess 2023 Kandidat"]
[Site "Fredericia"]
[Date "2023.05.19"]
[Round "1.5"]
[White "Thorsen, Adrian Stenstrop"]
[Black "Hollesen, Kurt"]
[Result "1/2-1/2"]
[WhiteElo "2062"]
[BlackElo "1937"]
[PlyCount "109"]
[EventDate "2023.05.19"]
[EventType "swiss"]
[EventRounds "5"]
[EventCountry "DEN"]
[SourceTitle "Fredericia Skakforening"]

1. d4 d5 2. c4 e6 3. Nc3 f5 4. Nf3 Nf6 5. Bf4 c6 6. e3 Bd6 7. Bd3 O-O 8. O-O
Ne4 9. Qb3 Kh8 10. Bxd6 Qxd6 11. Rac1 Nd7 12. Ne2 Rg8 13. h4 g6 14. Bxe4 fxe4
15. Ng5 Qe7 16. f3 h6 17. Nh3 Nf6 18. Ng3 e5 19. dxe5 Qxe5 20. Qc3 Qxc3 21.
Rxc3 Bxh3 22. gxh3 exf3 23. Rxf3 Kg7 24. h5 Rad8 25. hxg6 Kxg6 26. cxd5 Rxd5
27. e4 Rd1+ 28. Rf1 Rxf1+ 29. Kxf1 Re8 30. Rb3 b6 31. Rc3 c5 32. Ra3 Nxe4 33.
Nxe4 Rxe4 34. Rxa7 Rc4 35. b3 Rc2 36. Ra6 Kg5 37. Rxb6 Rxa2 38. Rb5 Kh4 39.
Rxc5 Kxh3 40. Rh5+ Kg3 41. Rxh6 Rb2 42. Rb6 Kf3 43. Ke1 Ke3 44. Kd1 Kd3 45. Kc1
Rh2 46. Rc6 Kd4 47. Kb1 Kd3 48. Rc4 Rg2 49. Ka1 Rh2 50. Rc1 Rg2 51. Rc6 Rh2 52.
b4 Kd4 53. b5 Kd5 54. Rc1 Rh4 55. Ka2 1/2-1/2

[Event "Fredericia Chess 2023 Kandidat"]
[Site "Fredericia"]
[Date "2023.05.20"]
[Round "2.1"]
[White "Zander, Emil"]
[Black "Hansen, Lars"]
[Result "0-1"]
[WhiteElo "2165"]
[BlackElo "2181"]
[PlyCount "50"]
[EventDate "2023.05.19"]
[EventType "swiss"]
[EventRounds "5"]
[EventCountry "DEN"]
[SourceTitle "Fredericia Skakforening"]

1. e4 e6 2. d4 d5 3. Nc3 Nf6 4. e5 Nfd7 5. f4 c5 6. Nf3 Nc6 7. Be3 Qb6 8. Na4
Qa5+ 9. c3 b6 10. Bd2 c4 11. b3 b5 12. Nb2 Rb8 13. b4 Nxb4 14. cxb4 Bxb4 15. a3
Bxd2+ 16. Nxd2 Qc3 17. Qc1 Qxd4 18. Nf3 Qb6 19. Be2 O-O 20. Qc3 Nc5 21. Nd4 Ne4
22. Qe3 Qa5+ 23. Kf1 Bd7 24. g3 c3 25. Nb3 cxb2 0-1

[Event "Fredericia Chess 2023 Kandidat"]
[Site "Fredericia"]
[Date "2023.05.20"]
[Round "2.2"]
[White "Topholm, Morten"]
[Black "Koch Mueller, Oscar"]
[Result "0-1"]
[WhiteElo "2073"]
[BlackElo "2098"]
[PlyCount "78"]
[EventDate "2023.05.19"]
[EventType "swiss"]
[EventRounds "5"]
[EventCountry "DEN"]
[SourceTitle "Fredericia Skakforening"]

1. e4 e6 2. d4 d5 3. e5 c5 4. c3 Nc6 5. Nf3 Qb6 6. Be2 cxd4 7. cxd4 Nge7 8. Na3
Nf5 9. Nc2 Bd7 10. O-O Rc8 11. g4 Nfe7 12. Ng5 h6 13. Nh3 Na5 14. Rb1 Bb5 15.
Be3 Nec6 16. f4 Nb4 17. Nxb4 Bxb4 18. f5 Bxe2 19. Qxe2 Nc4 20. Rbd1 Nxe3 21.
Qxe3 Rc2 22. Rf2 Rxf2 23. Qxf2 Kd7 24. Nf4 Kc8 25. a3 Be7 26. fxe6 fxe6 27.
Rc1+ Kb8 28. Ng6 Bg5 29. Rc5 Rc8 30. h4 Bd8 31. b4 Rxc5 32. dxc5 Qc7 33. Qf8 a5
34. Nf4 axb4 35. axb4 Qe7 36. Qxe7 Bxe7 37. h5 b6 38. Nxe6 bxc5 39. bxc5 Kb7
0-1

[Event "Fredericia Chess 2023 Kandidat"]
[Site "Fredericia"]
[Date "2023.05.20"]
[Round "2.3"]
[White "Hollesen, Kurt"]
[Black "Madsen, Michael Baehring"]
[Result "1/2-1/2"]
[WhiteElo "1937"]
[BlackElo "2040"]
[PlyCount "52"]
[EventDate "2023.05.19"]
[EventType "swiss"]
[EventRounds "5"]
[EventCountry "DEN"]
[SourceTitle "Fredericia Skakforening"]

1. e4 c5 2. c4 Nc6 3. Nc3 g6 4. g3 a6 5. Bg2 b5 6. d3 b4 7. Nce2 Bg7 8. f4 Qb6
9. Nf3 d6 10. h3 e5 11. O-O Nge7 12. g4 h6 13. f5 f6 14. fxg6 Nxg6 15. Ng3 Qc7
16. Nf5 Bxf5 17. exf5 Nge7 18. Nh4 Kd7 19. Be3 a5 20. Qf3 a4 21. Qe2 a3 22. b3
Rab8 23. Be4 Rb6 24. Rf2 Nd4 25. Bxd4 cxd4 26. Rg2 d5 1/2-1/2

[Event "Fredericia Chess 2023 Kandidat"]
[Site "Fredericia"]
[Date "2023.05.20"]
[Round "2.4"]
[White "Guindy, Esmat Susanne"]
[Black "Thorsen, Adrian Stenstrop"]
[Result "0-1"]
[WhiteElo "2053"]
[BlackElo "2062"]
[PlyCount "100"]
[EventDate "2023.05.19"]
[EventType "swiss"]
[EventRounds "5"]
[EventCountry "DEN"]
[SourceTitle "Fredericia Skakforening"]

1. c4 g6 2. g3 Bg7 3. Bg2 d6 4. d4 Nc6 5. Nf3 Bd7 6. Nc3 Qc8 7. h3 Nf6 8. e4
O-O 9. Be3 e5 10. d5 Ne7 11. Qd2 a6 12. c5 Ne8 13. b4 f5 14. Rc1 a5 15. b5 dxc5
16. Bxc5 Qd8 17. d6 cxd6 18. Bxd6 Nxd6 19. Qxd6 Rf6 20. Qd3 Be8 21. Qxd8 Rxd8
22. O-O Rfd6 23. a4 Bf7 24. Ng5 Bc4 25. Rfe1 b6 26. f4 Rd3 27. exf5 exf4 28.
Nce4 Bd4+ 29. Kh1 Bd5 30. f6 Nf5 31. Rc7 Nxg3+ 32. Nxg3 Bxg2+ 33. Kh2 Bxf6 34.
Nxh7 fxg3+ 35. Kxg2 Bh4 36. Rc4 Rd2+ 37. Kf3 R8d3+ 38. Re3 Rf2+ 39. Ke4 Rxe3+
40. Kxe3 g2 41. Rg4 Rf1 42. Rxg6+ Kxh7 43. Rxg2 Ra1 44. Rg4 Ra3+ 45. Ke2 Rxh3
46. Rd4 Rh2+ 47. Kf3 Bf2 48. Rd2 Bg1 49. Rd7+ Kg6 50. Kg3 Ra2 0-1

[Event "Fredericia Chess 2023 Kandidat"]
[Site "Fredericia"]
[Date "2023.05.20"]
[Round "2.5"]
[White "Perets, Dmitry"]
[Black "Galvan Cipriani, Viviana"]
[Result "1-0"]
[WhiteElo "2041"]
[BlackElo "2049"]
[PlyCount "104"]
[EventDate "2023.05.19"]
[EventType "swiss"]
[EventRounds "5"]
[EventCountry "DEN"]
[SourceTitle "Fredericia Skakforening"]

1. Nf3 Nf6 2. c4 g6 3. b3 Bg7 4. Bb2 c6 5. e4 d6 6. Be2 Nbd7 7. O-O O-O 8. Qc2
Nc5 9. d3 a5 10. Nc3 e5 11. d4 exd4 12. Nxd4 Ng4 13. Rad1 Qe7 14. h3 Nh6 15.
Rfe1 f5 16. Bf3 Qc7 17. Ndb5 cxb5 18. Nxb5 Qb8 19. Bxg7 Kxg7 20. Qc3+ Kg8 21.
exf5 Bxf5 22. Bd5+ Nf7 23. g4 Bd7 24. Nxd6 Ra6 25. Nxf7 Rxf7 26. Bxf7+ Kxf7 27.
Qf3+ Rf6 28. Qd5+ Be6 29. Qxc5 h5 30. Rxe6 Rxe6 31. Rd7+ Kg8 32. Rc7 b6 33.
Rc8+ Kh7 34. Qf8 Re1+ 35. Kg2 Qb7+ 36. Kg3 Rg1+ 37. Kh4 Qg7 38. Qxg7+ Kxg7 39.
Kg5 hxg4 40. Rc7+ Kf8 41. hxg4 Rg2 42. f4 Rxa2 43. Kxg6 Ra3 44. f5 Ke8 45. f6
Kd8 46. Ra7 Rxb3 47. f7 Rf3 48. g5 a4 49. Kg7 a3 50. Rxa3 Rf4 51. Ra7 Kc8 52.
f8=Q+ Rxf8 1-0

[Event "Fredericia Chess 2023 Kandidat"]
[Site "Fredericia"]
[Date "2023.05.20"]
[Round "3.1"]
[White "Hansen, Lars"]
[Black "Koch Mueller, Oscar"]
[Result "0-1"]
[WhiteElo "2181"]
[BlackElo "2098"]
[PlyCount "114"]
[EventDate "2023.05.19"]
[EventType "swiss"]
[EventRounds "5"]
[EventCountry "DEN"]
[SourceTitle "Fredericia Skakforening"]

1. e4 e6 2. d4 d5 3. exd5 exd5 4. Nf3 Nf6 5. Bd3 Bd6 6. O-O O-O 7. Bg5 Bg4 8.
Nbd2 Nbd7 9. c3 c6 10. Qc2 Qc7 11. h3 Bh5 12. Nh4 Bh2+ 13. Kh1 Bf4 14. Bxf4
Qxf4 15. g3 Qc7 16. Kg2 Rfe8 17. Rae1 Bg6 18. Nxg6 hxg6 19. Nf3 Rxe1 20. Rxe1
Re8 21. Rxe8+ Nxe8 22. Qe2 Qd8 23. h4 Nef6 24. Qe3 Qe8 25. Qf4 Qb8 26. Qg5 Qe8
27. Ne5 Nxe5 28. dxe5 Nd7 29. f4 Nc5 30. Bc2 Ne6 31. Qg4 c5 32. h5 gxh5 33.
Qxh5 g6 34. Qg4 Ng7 35. Qe2 Qd7 36. g4 d4 37. f5 dxc3 38. bxc3 Qd5+ 39. Kh2
Qxa2 40. fxg6 fxg6 41. Qe4 Qf7 42. Bd3 Ne6 43. Bc4 Kh8 44. Kg3 Ng5 45. Qe2 Qc7
46. Qe3 Qe7 47. e6 Qd6+ 48. Qf4 Ne4+ 49. Kf3 Nd2+ 50. Kg3 Ne4+ 51. Kf3 Nd2+ 52.
Kg3 Qxf4+ 53. Kxf4 Nxc4 54. e7 Nd6 55. Ke5 Ne8 56. Kd5 Kg7 57. Kxc5 Kf7 0-1

[Event "Fredericia Chess 2023 Kandidat"]
[Site "Fredericia"]
[Date "2023.05.20"]
[Round "3.2"]
[White "Thorsen, Adrian Stenstrop"]
[Black "Zander, Emil"]
[Result "1-0"]
[WhiteElo "2062"]
[BlackElo "2165"]
[PlyCount "109"]
[EventDate "2023.05.19"]
[EventType "swiss"]
[EventRounds "5"]
[EventCountry "DEN"]
[SourceTitle "Fredericia Skakforening"]

1. b3 e5 2. Bb2 Nc6 3. e3 Nf6 4. Bb5 e4 5. d3 d5 6. dxe4 Nxe4 7. Ne2 Bb4+ 8. c3
Be7 9. O-O a6 10. Bd3 Nc5 11. Nf4 Ne6 12. Nxe6 Bxe6 13. Qe2 O-O 14. Nd2 Ne5 15.
Bxh7+ Kxh7 16. Qh5+ Kg8 17. Qxe5 Bd6 18. Qh5 Qf6 19. Nf3 a5 20. Rad1 Rfd8 21.
Ba1 g6 22. Qh6 Bf8 23. Qg5 Qxg5 24. Nxg5 Bf5 25. c4 dxc4 26. e4 Be7 27. exf5
Bxg5 28. fxg6 cxb3 29. gxf7+ Kxf7 30. axb3 b5 31. Be5 c5 32. f4 Bf6 33. Rc1
Rdc8 34. Rf3 a4 35. bxa4 Rxa4 36. Bxf6 Kxf6 37. Rb3 b4 38. Rc4 Ke6 39. Rd3 Ra3
40. Rxa3 bxa3 41. Ra4 c4 42. Rxa3 c3 43. Ra1 c2 44. Rc1 Kd5 45. Kf2 Kd4 46. Kf3
Kd3 47. f5 Kd2 48. Rxc2+ Kxc2 49. Ke4 Rg8 50. g3 Kc3 51. f6 Rh8 52. g4 Rxh2 53.
g5 Kc4 54. g6 Re2+ 55. Kf3 1-0

[Event "Fredericia Chess 2023 Kandidat"]
[Site "Fredericia"]
[Date "2023.05.20"]
[Round "3.3"]
[White "Madsen, Michael Baehring"]
[Black "Perets, Dmitry"]
[Result "1-0"]
[WhiteElo "2040"]
[BlackElo "2041"]
[PlyCount "66"]
[EventDate "2023.05.19"]
[EventType "swiss"]
[EventRounds "5"]
[EventCountry "DEN"]
[SourceTitle "Fredericia Skakforening"]

1. d4 Nf6 2. c4 c5 3. d5 b5 4. cxb5 a6 5. bxa6 g6 6. a7 Rxa7 7. Nc3 Ba6 8. e4
Bxf1 9. Kxf1 d6 10. Nf3 Bg7 11. g3 O-O 12. Kg2 Nbd7 13. a4 Qa8 14. Ra3 Nb6 15.
b3 Ne8 16. Nb5 Ra5 17. Nd2 f5 18. f3 Nf6 19. Qc2 fxe4 20. fxe4 Ng4 21. Nf3 Rc8
22. h3 Ne5 23. Nxe5 Bxe5 24. Rf1 Nd7 25. Ra2 Rb8 26. Rf2 Bd4 27. Nxd4 cxd4 28.
Bb2 Qb7 29. Bxd4 Qxb3 30. Qc7 Rxa4 31. Qxd7 Rxd4 32. Qxe7 Rd3 33. Qxd6 Ra8 1-0

[Event "Fredericia Chess 2023 Kandidat"]
[Site "Fredericia"]
[Date "2023.05.20"]
[Round "3.5"]
[White "Galvan Cipriani, Viviana"]
[Black "Guindy, Esmat Susanne"]
[Result "1/2-1/2"]
[WhiteElo "2049"]
[BlackElo "2053"]
[PlyCount "88"]
[EventDate "2023.05.19"]
[EventType "swiss"]
[EventRounds "5"]
[EventCountry "DEN"]
[SourceTitle "Fredericia Skakforening"]

1. c4 e6 2. Nf3 d5 3. b3 Nf6 4. g3 c5 5. Bg2 Be7 6. O-O O-O 7. e3 b6 8. Bb2 Bb7
9. Qe2 Nbd7 10. Rd1 Qc7 11. Nc3 Rac8 12. Rac1 Qb8 13. cxd5 Nxd5 14. e4 Nxc3 15.
dxc3 Rfd8 16. c4 Qa8 17. Ne1 Nb8 18. Qg4 Bf8 19. h4 Nc6 20. Nc2 Rc7 21. h5 h6
22. Rxd8 Qxd8 23. Rd1 Rd7 24. Rxd7 Qxd7 25. Qe2 Nd4 26. Nxd4 cxd4 27. e5 Bxg2
28. Kxg2 d3 29. Qd1 a5 30. Bc3 Bb4 31. Bxb4 axb4 32. Qd2 Qd4 33. Kf3 f5 34.
exf6 gxf6 35. Qe3 e5 36. Qxh6 d2 37. Qg6+ Kf8 38. Qxf6+ Ke8 39. Qc6+ Kd8 40.
Qa8+ Kc7 41. Qa7+ Kc8 42. Qa8+ Kc7 43. Qa7+ Kc8 44. Qa8+ Kc7 1/2-1/2

[Event "Fredericia Chess 2023 Kandidat"]
[Site "Fredericia"]
[Date "2023.05.21"]
[Round "4.1"]
[White "Koch Mueller, Oscar"]
[Black "Thorsen, Adrian Stenstrop"]
[Result "1/2-1/2"]
[WhiteElo "2098"]
[BlackElo "2062"]
[PlyCount "166"]
[EventDate "2023.05.19"]
[EventType "swiss"]
[EventRounds "5"]
[EventCountry "DEN"]
[SourceTitle "Fredericia Skakforening"]

1. d4 d5 2. c4 e6 3. Nc3 a6 4. cxd5 exd5 5. Nf3 Nf6 6. Bg5 Be6 7. e3 Nbd7 8.
Bd3 Bd6 9. O-O O-O 10. Rc1 Qb8 11. Qc2 c6 12. Na4 Bg4 13. h3 Bxf3 14. gxf3 h6
15. Bxf6 Nxf6 16. Nb6 Ra7 17. Kh1 Qd8 18. Na4 Nh5 19. Rg1 Qh4 20. Bf1 f5 21. f4
g5 22. Nc5 Ng7 23. fxg5 hxg5 24. f4 g4 25. Qh2 Rf6 26. hxg4 Rh6 27. Qxh4 Rxh4+
28. Kg2 Rxg4+ 29. Kf2 Rxg1 30. Kxg1 Bxc5 31. Rxc5 Ra8 32. Kf2 Kf7 33. Rc3 Ne8
34. Bd3 Nd6 35. Rc1 Rh8 36. Rg1 Kf6 37. b3 Nf7 38. a3 Nd6 39. a4 Rh5 40. Rg8
Kf7 41. Rd8 Ke7 42. Rg8 Rh1 43. Bf1 Ne4+ 44. Kg2 Rh7 45. Bd3 Kf7 46. Rb8 Rg7+
47. Kh2 Nd6 48. Rd8 Ke6 49. Rf8 Rc7 50. Rh8 Nf7 51. Re8+ Kf6 52. Rb8 Re7 53.
Bf1 Nd6 54. Rf8+ Rf7 55. Rb8 Ne4 56. Bd3 Nf2 57. Be2 Ne4 58. Bd3 Nd6 59. Rd8
Ke7 60. Rg8 Kd7 61. Kg3 Rh7 62. Rg5 Ke6 63. Rg6+ Ke7 64. Kg2 Rf7 65. Kg3 Rf6
66. Rg7+ Nf7 67. Rg8 Rh6 68. Bxf5 Rh1 69. Rb8 Nd6 70. Bd3 Rd1 71. Bh7 Rh1 72.
Bd3 Rd1 73. Be2 Rd2 74. Kf3 Rb2 75. Rh8 Rxb3 76. Rh7+ Nf7 77. Bd1 Rc3 78. Kf2
Kf6 79. Bh5 Nd6 80. Rh6+ Ke7 81. Rh7+ Kf6 82. Rh6+ Ke7 83. Rh7+ Kf6 1/2-1/2

[Event "Fredericia Chess 2023 Kandidat"]
[Site "Fredericia"]
[Date "2023.05.21"]
[Round "4.2"]
[White "Madsen, Michael Baehring"]
[Black "Hansen, Lars"]
[Result "1/2-1/2"]
[WhiteElo "2040"]
[BlackElo "2181"]
[PlyCount "111"]
[EventDate "2023.05.19"]
[EventType "swiss"]
[EventRounds "5"]
[EventCountry "DEN"]
[SourceTitle "Fredericia Skakforening"]

1. e4 c5 2. Nf3 d6 3. d4 cxd4 4. Nxd4 Nf6 5. Nc3 a6 6. Bd3 e5 7. Nde2 Be7 8.
O-O O-O 9. Ng3 Nc6 10. Nd5 h6 11. Nxe7+ Qxe7 12. c4 Rb8 13. a4 Be6 14. Be3 Nd7
15. Rb1 Nb4 16. Be2 Nc5 17. b3 a5 18. Bg4 Rbd8 19. Bf5 Qh4 20. f3 Qe7 21. Qe2
Nbd3 22. Rfd1 Nf4 23. Qd2 g6 24. Bxe6 fxe6 25. Qxa5 h5 26. Rd2 h4 27. Ne2 Qg5
28. Nxf4 exf4 29. Bxc5 dxc5 30. Rbd1 h3 31. Qxd8 Rxd8 32. Rxd8+ Kf7 33. R1d2
hxg2 34. R8d7+ Kf6 35. Rxb7 Qh4 36. Rf2 g5 37. Rd7 g4 38. fxg4 Qxg4 39. Rd3 e5
40. Rfd2 f3 41. Rxf3+ Ke6 42. Rdf2 Qxe4 43. Kxg2 Qg4+ 44. Rg3 Qe4+ 45. Kg1 Qd4
46. Kg2 Qe4+ 47. Rff3 Qc2+ 48. Kg1 e4 49. Rf1 Qd2 50. h4 e3 51. Rg6+ Ke5 52.
Rg5+ Ke4 53. Rd5 Qc3 54. Rff5 Qe1+ 55. Kg2 Qxh4 56. Rfe5+ 1/2-1/2

[Event "Fredericia Chess 2023 Kandidat"]
[Site "Fredericia"]
[Date "2023.05.21"]
[Round "4.4"]
[White "Zander, Emil"]
[Black "Guindy, Esmat Susanne"]
[Result "0-1"]
[WhiteElo "2165"]
[BlackElo "2053"]
[PlyCount "92"]
[EventDate "2023.05.19"]
[EventType "swiss"]
[EventRounds "5"]
[EventCountry "DEN"]
[SourceTitle "Fredericia Skakforening"]

1. e4 e6 2. d4 d5 3. Nc3 Nf6 4. e5 Nfd7 5. f4 c5 6. Nf3 Nc6 7. Be3 a6 8. Ne2 b5
9. c3 b4 10. cxb4 cxd4 11. Nexd4 Bxb4+ 12. Kf2 Nxd4 13. Bxd4 Bc5 14. Be2 O-O
15. Rf1 f6 16. exf6 Qxf6 17. g3 Rb8 18. b3 Rb4 19. Bxc5 Nxc5 20. Kg2 Bb7 21.
Ne5 d4+ 22. Bf3 Rd8 23. Qe1 Rb5 24. Bxb7 Rxb7 25. Rc1 Rd5 26. b4 Na4 27. Rc8+
Rd8 28. Ng4 Qe7 29. Rxd8+ Qxd8 30. Qxe6+ Kf8 31. Ne5 Nb6 32. Nc6 Qd5+ 33. Qxd5
Nxd5 34. Kf3 Rc7 35. Nxd4 Rc3+ 36. Ke4 Nxb4 37. a4 a5 38. Rf3 Rc4 39. Ke5 Kf7
40. Nb3 Nc2 41. Rd3 Rxa4 42. Rd7+ Kg6 43. f5+ Kh6 44. Nc5 Rb4 45. Ne6 Ne3 46.
Nxg7 Ng4+ 0-1

[Event "Fredericia Chess 2023 Kandidat"]
[Site "Fredericia"]
[Date "2023.05.21"]
[Round "5.1"]
[White "Koch Mueller, Oscar"]
[Black "Madsen, Michael Baehring"]
[Result "1-0"]
[WhiteElo "2098"]
[BlackElo "2040"]
[PlyCount "55"]
[EventDate "2023.05.19"]
[EventType "swiss"]
[EventRounds "5"]
[EventCountry "DEN"]
[SourceTitle "Fredericia Skakforening"]

1. d4 Nf6 2. c4 a6 3. Nc3 c5 4. d5 b5 5. a3 e6 6. Nf3 Bb7 7. Bg5 h6 8. Bxf6
gxf6 9. dxe6 fxe6 10. Qc2 bxc4 11. Qg6+ Ke7 12. e4 h5 13. e5 fxe5 14. Qg5+ Ke8
15. Qg6+ Ke7 16. Nxe5 Qe8 17. Qg5+ Kd6 18. Nxc4+ Kc6 19. Na5+ Kb6 20. Na4+ Ka7
21. Nxc5 Nc6 22. Ncxb7 d5 23. Qe3+ d4 24. Qe4 Rc8 25. Nxc6+ Rxc6 26. Na5 Rc7
27. Bd3 Qa4 28. O-O 1-0

[Event "Fredericia Chess 2023 Kandidat"]
[Site "Fredericia"]
[Date "2023.05.21"]
[Round "5.2"]
[White "Thorsen, Adrian Stenstrop"]
[Black "Hansen, Lars"]
[Result "0-1"]
[WhiteElo "2062"]
[BlackElo "2181"]
[PlyCount "86"]
[EventDate "2023.05.19"]
[EventType "swiss"]
[EventRounds "5"]
[EventCountry "DEN"]
[SourceTitle "Fredericia Skakforening"]

1. d4 e6 2. Nf3 Nf6 3. c4 b6 4. g3 Bb7 5. Bg2 Be7 6. O-O O-O 7. Qc2 c5 8. Rd1
Nc6 9. dxc5 Bxc5 10. Bg5 Rc8 11. Nc3 a6 12. Bxf6 gxf6 13. a3 f5 14. Qd2 Na5 15.
Qd3 Nxc4 16. Na4 Bxf3 17. Qxf3 d5 18. Rac1 Be7 19. Qb3 b5 20. Nc3 Qb6 21. e3
Bf6 22. h3 Bg7 23. Bf1 Nxe3 24. Na4 Qa7 25. Qxe3 Qxe3 26. fxe3 bxa4 27. Rxc8
Rxc8 28. Bxa6 Rc2 29. Bb5 Rxb2 30. Bxa4 Ra2 31. Rd3 Bf8 32. Bb3 Rxa3 33. Kf2 h5
34. h4 Bd6 35. Bc2 Ra2 36. Rd2 Kg7 37. Re2 Kf6 38. Bd1 Ra1 39. Rd2 Ra8 40. Bxh5
Rg8 41. Rd4 Bxg3+ 42. Ke2 Rh8 43. Kf3 Be5 0-1

[Event "Fredericia Chess 2023 Kandidat"]
[Site "Fredericia"]
[Date "2023.05.21"]
[Round "5.3"]
[White "Perets, Dmitry"]
[Black "Zander, Emil"]
[Result "1-0"]
[WhiteElo "2041"]
[BlackElo "2165"]
[PlyCount "91"]
[EventDate "2023.05.19"]
[EventType "swiss"]
[EventRounds "5"]
[EventCountry "DEN"]
[SourceTitle "Fredericia Skakforening"]

1. Nf3 Nf6 2. c4 e6 3. g3 d5 4. Bg2 dxc4 5. Na3 Bxa3 6. bxa3 b5 7. a4 c6 8. Ba3
Qb6 9. Rb1 Nd5 10. e4 Nf6 11. O-O Nbd7 12. d4 a6 13. Ne5 Qc7 14. Qd2 Bb7 15.
Qg5 Rg8 16. Nxd7 Qxd7 17. Qc5 Qc7 18. axb5 axb5 19. Rxb5 Rxa3 20. Rxb7 Qxb7 21.
Qxa3 Kd7 22. Qc5 Ra8 23. Qxc4 Qa6 24. Qb4 Qb5 25. Qd2 Ke7 26. Rc1 Qa5 27. Qc2
Qxa2 28. Qc5+ Ke8 29. e5 Nd5 30. Qxc6+ Kf8 31. Bxd5 exd5 32. Qd6+ Kg8 33. e6
fxe6 34. Qxe6+ Kf8 35. Qd6+ Kg8 36. Qe6+ Kf8 37. Qf5+ Kg8 38. Qe6+ Kf8 39. Kg2
Qa7 40. Qxd5 Re8 41. Qc5+ Qxc5 42. dxc5 Rc8 43. Kf3 Ke7 44. Ke4 Kd7 45. Kd5 Rf8
46. f4 1-0

[Event "Fredericia Chess 2023 Kandidat"]
[Site "Fredericia"]
[Date "2023.05.21"]
[Round "5.4"]
[White "Hollesen, Kurt"]
[Black "Galvan Cipriani, Viviana"]
[Result "1-0"]
[WhiteElo "1937"]
[BlackElo "2049"]
[PlyCount "97"]
[EventDate "2023.05.19"]
[EventType "swiss"]
[EventRounds "5"]
[EventCountry "DEN"]
[SourceTitle "Fredericia Skakforening"]

1. e4 c5 2. c4 Nc6 3. Nc3 g6 4. g3 Bg7 5. Bg2 a6 6. Nge2 Rb8 7. O-O b5 8. d3 b4
9. Nd5 e6 10. Ne3 Nge7 11. f4 f5 12. Qc2 O-O 13. Rb1 b3 14. axb3 Qb6 15. Bd2
Qxb3 16. Qxb3 Rxb3 17. Bc3 Nd4 18. Nc1 Rb8 19. e5 Nec6 20. Bxc6 Nxc6 21. Ne2 d6
22. d4 cxd4 23. Nxd4 Nxd4 24. Bxd4 dxe5 25. fxe5 Rd8 26. Rfd1 Bh6 27. Kf2 Rb4
28. b3 Kf7 29. Ke2 Bxe3 30. Bxe3 Rd7 31. Rxd7+ Bxd7 32. Kd2 a5 33. Kc3 Ba4 34.
Rb2 Bc6 35. Ra2 Rb7 36. Rxa5 Kg7 37. Ra7 Rxa7 38. Bxa7 g5 39. Be3 h6 40. b4 Kf7
41. b5 Bf3 42. c5 Ke7 43. c6 Kd8 44. Kb4 Kc7 45. Kc5 Bd5 46. b6+ Kb8 47. Kd6
Bb3 48. b7 Bc4 49. Bb6 1-0